| 000 | 00729nam a2200277 a 4500 | ||
|---|---|---|---|
| 003 | AR-BaBNM | ||
| 005 | 20251128210843.0 | ||
| 008 | 082120s2002 ||||||||||||||000 | spa|| | ||
| 020 | _a950-581-740-1 | ||
| 040 | _cAR-BaBNM | ||
| 245 | 0 | 0 | _aAntologĂa de la novela corta alemana de Goethe a Kafka |
| 260 |
_aBuenos Aires _bEdiciones Colihue _c2001 |
||
| 300 | _a231 p. | ||
| 650 | 4 | _aCUENTOS | |
| 650 | 4 | _aLITERATURA ALEMANA | |
| 650 | 4 | _aESCRITORES | |
| 650 | 4 | _aANTOLOGIAS | |
| 650 | 4 | _aNOVELAS | |
| 653 | _aNARRATIVA | ||
| 655 | _aLITERATURA | ||
| 700 | 1 |
_aAren, Fernanda _eprologuista |
|
| 700 | 1 |
_aRotemberg, Silvina _eprologuista |
|
| 700 | 1 |
_aVedda, Miguel _eprologuista |
|
| 942 | _cBK | ||
| 998 | _cMARTIN | ||
| 999 |
_c17186 _d17186 |
||